| 000 | 00404nam a2200157Ia 4500 | ||
|---|---|---|---|
| 008 | 230524s9999 xx 000 0 und d | ||
| 082 |
_a658.43 _bGUP |
||
| 100 |
_aR.B.Gupta _931122 |
||
| 245 | 0 | _aMaterial Science and Engineering | |
| 250 | _a4TH | ||
| 260 |
_aNEW DELHI _bSatya Prakashan (Tech India) _c2009 |
||
| 300 | _aXX;159 | ||
| 500 | _aQuantity Number: 1 | ||
| 650 | _aChemistry | ||
| 942 | _cBK | ||
| 999 |
_c44275 _d44275 |
||